00574nam a2200193 a 4500001001100000005001700011008003900028010001600067020002200083035001600105040000800121100002400129245006100153260004800214300002900262504005100291650001500342050002300357000000158820140825163951.0830820s1983 tnua b 00010 eng a 81065828 a0805466053 (pbk.) a 81065828 aPUL10aBraswell, George W.10aUnderstanding world religions /cGeorge W. Braswell, Jr.0 aNashville, Tenn. :bBroadman Press,cc1983. a209 p. :bill. ;c21 cm. aIncludes bibliographical references and index. 0aReligions. aBL80.2b.B724 1983